1, 2, or 3? - Statistics

General Stats
  • This quiz has been taken 29 times
  • The average score is 10 of 14
Answer Stats
Hint Answer % Correct
√4 2
91%
Colors on a chessboard 2
91%
Number of kidneys 2
87%
Number of genders 2
87%
Number of sides on a triangle 3
87%
Number of leaves on a common clover 3
78%
47937596348279 ÷ 47937596348279 1
74%
Number of utensils 3
74%
(1223+1298+230-�1111) x 0 + 1 1
70%
In, out. In, out... 2
70%
1215 is divisible by... 3
70%
If the circumference is 18.84, then the radius is... 3
61%
Pair of shoes 2
57%
Common ammount of Televisions in a house 1
39%
No matching quizzes found
Score Distribution
Percent of People with Each Score
Percentile by Number Answered
Your Score History
You have not taken this quiz